Logo Apocalypse! Quiz Stats

 Plays Quiz Updated May 16, 2018

Also try: Un-evolved Logos
Challenge
Share
Tweet
Score 0/16 Timer 02:00
11 Plays Today
% Correct
Nike
97.2%
Microsoft Windows
97.2%
MTV
96%
Toyota
92%
NBC
87.5%
Mercedes-Benz
86.9%
AT&T
82.5%
CBS
78.2%
% Correct
Chicago Bulls
78.2%
PBS
76.6%
Harley-Davidson
74.3%
BP
73.1%
Cleveland Indians
69.9%
Buffalo Bills
64.3%
Detroit Red Wings
58.6%
Porsche SE
35.6%

You're not logged in!

Compare scores with friends on all Sporcle quizzes.
OR
Log In

You Might Also Like...

Show Comments

Extras

Top Quizzes Today


Score Distribution

Your Account Isn't Verified!

In order to create a playlist on Sporcle, you need to verify the email address you used during registration. Go to your Sporcle Settings to finish the process.

Report this User

Report this user for behavior that violates our Community Guidelines.

Details: